000 01765nas a2200277Ia 4500
001 R262-R5111
003 IT-CnALBA
008 170116c99999999xx |||||||||||| ||und||
040 _aIT-CnALBA
_cIT-CnALBA
041 _aITALIANO
100 _aTRIPEPI MONS. LUIGI
210 _aLA PALESTRA DEL CLERO
222 _aLA PALESTRA DEL CLERO
245 0 _aLA PALESTRA DEL CLERO. GENNAIO-DICEMBRE 1890. PERIODICO ISTRUTTIVO MORALE E RELIGIOSO.
250 _a1a ed.
260 _a ROMA
_bSOCIALE TIPOGRAFIA
_c1890 [1° Ed.:1890 - Ed.Ling.Originale: 1890]
300 _a416 p.
310 _aBIMENSILE
362 _aFascicolo: 1-12 / Anno: 13 (1890)
500 _aANANIA G. B. FORTI G. MURINO E. MASCETTI MOSCA G. LINARI U. LENZINI ONORATO. IMPARATI M. F. GASPARRI A. RIFLESSIONI SULLA VITA DELLA VERGINE. SUL LIBRO DDI MAMIAMI TERENZIO, LA RELIGIONE DELL'AVVENIRE. IL PAPA DAMASO. ESPOSIZIONI SULLA SCCRITTURA. MARIA GLORIOSA. BEATO PIETRO CHANEL. SANTA VERONICA GIULIANI. BEATO GIOVANNI M. PERBOYRE. IMMACOLATA CONCEZIONE DI MARIA. COSE VARIE. SPIEGAZIONE DEI VANGELI DOMENICALI. LITURGIA ATTI DELLA S. SEDE.
501 _aSocietà San Paolo EM - Piazza San Paolo, 14 - 12051 ALBA (CN) (non commercial uses only) ® Copyright 2017
520 _aANANIA G. B. FORTI G. MURINO E. MASCETTI MOSCA G. LINARI U. LENZINI ONORATO. IMPARATI M. F. GASPARRI A. RIFLESSIONI SULLA VITA DELLA VERGINE. SUL LIBRO DDI MAMIAMI TERENZIO, LA RELIGIONE DELL'AVVENIRE. IL PAPA DAMASO. ESPOSIZIONI SULLA SCCRITTURA. MARIA GLORIOSA. BEATO PIETRO CHANEL. SANTA VERONICA GIULIANI. BEATO GIOVANNI M. PERBOYRE. IMMACOLATA CONCEZIONE DI MARIA. COSE VARIE. SPIEGAZIONE DEI VANGELI DOMENICALI. LITURGIA ATTI DELLA S. SEDE.
650 _aECCLESIOLOGIA
942 _cCR
957 _71
999 _a47594
_bSI
_g1
_c323554
_d323554